| 000 | 00634nam a2200217Ia 4500 | ||
|---|---|---|---|
| 003 | OSt | ||
| 005 | 20230714115457.0 | ||
| 008 | 210716s1990 xx 000 0 und d | ||
| 020 | _a0876927495 | ||
| 040 | _cAIMIT LIBRARY | ||
| 041 | _aeng | ||
| 082 |
_a005.43 _21 _bSTEW |
||
| 100 |
_aStevens, W Richard. _9126944 |
||
| 245 |
_aUnix network programming / _cBy W.Richard Stevens. |
||
| 250 | _a1st ed. | ||
| 260 |
_aNew Delhi : _bPrentice Hall of India Pvt Ltd , _c1990 |
||
| 300 |
_axi,771 p.; _bPB _c24 cm. |
||
| 650 |
_aUnix model _9126945 |
||
| 650 |
_aInterprocess communication _9126946 |
||
| 942 |
_2ddc _cBK _e1st _k005.43 STEW |
||
| 999 |
_c182151 _d182151 |
||